000 00915nam a2200229Ii 4500
003 JO-AjNU
008 230605s9999||||xx |||||||||||||| ||und||
017 _a2015/7/3478
020 _a978-9957-16-946-6
040 _aJO-AjNU
_bara
_erda
_cJO-AjNU
041 _aara
050 1 4 _aKMM49.U82 2016
100 3 _aالعتيبي، جهاد صالح,
_eauthor
_959631
245 0 0 _aالقواعد القضائية في شرح القانون المدني: الفعل الضار=Judicial Rules in Explaining The Civil Law:Harmful Action، الجزء الرابع
250 _aالطبعة الاولى
264 3 1 _aعمان: دار الثقافة للنشر والتوزيع، 2016
300 _aج4: 848ص
336 _atext
_btxt
_2rdacontent
337 _aunmediated
_bn
_2rdamedia
338 _avolume
_bnc
_2rdacarrier
650 4 _aالقانون المدني-اصول المحاكمات-الاردن
_959632
999 _aA26844
_c30412
_d30412